| 000 | 03304nab a2200313 i 4500 | ||
|---|---|---|---|
| 003 | BR-BrBNA | ||
| 005 | 20240327130500.0 | ||
| 008 | 240327b2012 bl.qr|pooa||| 00| 0 por | | ||
| 040 |
_aBR-BrBNA _bpor |
||
| 072 | _aF03 | ||
| 100 | _aXavier, M.V.A. | ||
| 100 | _aBrito, S.S.S. | ||
| 100 | _aOliveira, C.R.F. | ||
| 100 | _aMatos, C.H.C. | ||
| 100 | _aPinto, M.A.D.S.C. | ||
| 245 | _aÓleo essencial de Baccharis trimera (Less.) DC. sobre o potencial fisiológico de sementes de feijão caupi | ||
| 500 | _aPublicação on-line; 22 ref.; 2 tables; 1 illus.; Summaries (En, Pt) | ||
| 520 | _a RESUMO: O presente trabalho teve como objetivo avaliar o efeito alelopático do óleo essencial de plantas de carqueja, Baccharis trimera (Less.) DC., sobre a germinação de sementes de feijão Vigna unguiculata (L.) Walp. Foi avaliado o efeito do óleo essencial de B. trimera sobre V. unguiculata nas dosagens 20 µL, 15 µL, 10 µL, 5 µL e testemunha. A qualidade fisiológica das sementes foi determinada pela porcentagem de emergência, velocidade de emergência e índice de velocidade de emergência. O delineamento experimental foi o inteiramente casualizado, em esquema fatorial 5 x 2 com cinco repetições. Não foi observado efeito inibidor do óleo essencial de B. trimera na germinação de sementes de feijão caupi, caracterizando-se como de efeito alelopático benéfico. De acordo com os resultados obtidos, o óleo essencial de B. trimera revelouse eficiente na manutenção da viabilidade dessas sementes. Palavras-chave: Vigna unguiculata, Baccharis trimera, óleo essencial, potencial alelopático, viabilidade de sementes | ||
| 520 | _a ABSTRACT: The essential oil effects of Baccharis trimera (Less.) DC. on the physiological potential of cowpea bean seeds. This research aimed to evaluate the allellopathic effect of essential oils of the Baccharis trimera (Less.) DC. plants on the seeds germination of cowpea Vigna unguiculata (L.) Walp. The effect of B. trimera essential oil on V. unguiculata was evaluated at levels of 20 µL, 15 µL, 10 µL, 5 µL and control. The physiologic quality of the seeds was determined by percentage emergence, the rate of speed emergence and speed emergence index. The data analysis was carried out using an entirely randomized design, in a 5 x 2 factorial scheme with five repetitions. An inhibitory effect of B. trimera essential oil on bean seeds germination was not observed, which is characterized as a beneficial allelopathic effect. Based on the results, the B. trimera essential oil proved efficient in the viability maintenance of these seeds. Key words: Vigna unguiculata, Baccharis trimera, essential oil, allellopathic potential, seeds viability | ||
| 650 | _aVIGNA UNGUICULATA | ||
| 650 | _aBACCHARIS | ||
| 650 | _aÓLEO ESSENCIAL | ||
| 650 | _aALELOPATIA | ||
| 650 | _aSEMENTE | ||
| 773 | 0 |
_03543 _9313993 _dBotucatu-SP Instituto de Biociências - Departamento de Química e Bioquímica 1998 _o2024-0261 _tRevista Brasileira de Plantas Medicinais (Brazil) _x1516-0572 _gv. 14(special number) p. 214-217; (2012) _wBR2024000407 |
|
| 856 | _uhttps://www.scielo.br/j/rbpm/a/dcjTCy8HPSfsN6s5YMWjYgJ/?format=pdf&lang=pt | ||
| 942 | _cAnalítica | ||
| 999 |
_c298950 _d298950 |
||